00602nam a22001697a 450000500170000001000270001702000260004403500240007003700130009408200200010710000260012724500990015326000420025227000720029430000260036650000400039220230921111219.0 aENG-110770 ENG-136259 a9788183875554c895.00 aEN-94302 EN-119791 bDBAD/PUB a305.48697095475 aGhanchi, Samiullah M. aStatus of women among the Muslims in India :bA Case Study of Surat /cBy Samiullah M. Ghanchi aNew DelhibSerials Publicationsc2012 a4830/24, Prahlad Street, Ansari Road, Darya GanjbNew Delhie110002 aviii,298p. c23cm(Hb) aIncludes bibliographical references